[Event "Politiken Cup 2013"]
[Site "Helsingør "]
[Date "2013.07.28"]
[Round "3.133"]
[White "Thybo, Thomas Sondergaard"]
[Black "Ottesen, Soren Rud"]
[Result "0-1"]
[WhiteElo "1512"]
[BlackElo "1782"]
[PlyCount "58"]
[EventDate "2013.07.27"]

1. e4 c5 2. g3 Nc6 3. d3 d6 4. Nc3 Nf6 5. Nf3 g6 6. Bg5 Bg7 7. h3 O-O 8. Bg2 a6
9. O-O Re8 10. Re1 h6 11. Be3 Qc7 12. d4 cxd4 13. Nxd4 Ne5 14. f4 Nc4 15. Bc1
e5 16. Nde2 Be6 17. b3 Qc5+ 18. Kh2 Ne3 19. Bxe3 Qxe3 20. Qxd6 Rad8 21. Qc7 Nh5
22. fxe5 Rd7 23. Qa5 b6 24. Qxa6 Bxe5 25. Na4 Nxg3 26. Nxg3 Qxg3+ 27. Kg1 Bxh3
28. Qf1 Bxa1 29. Kh1 Be5 0-1

[Event "Politiken Cup 2013"]
[Site "Helsingør "]
[Date "2013.07.28"]
[Round "3.134"]
[White "Hansen, Ole Foss"]
[Black "Petersen, Albert Emil Lyng"]
[Result "1-0"]
[WhiteElo "1779"]
[BlackElo "1533"]
[PlyCount "73"]
[EventDate "2013.07.27"]

1. d4 Nf6 2. c4 g6 3. Nc3 Bg7 4. e4 d6 5. Bg5 Nbd7 6. Nf3 O-O 7. Bd3 c5 8. d5
Ng4 9. Qd2 Nge5 10. Nxe5 Nxe5 11. Be2 Re8 12. f4 Ng4 13. h3 Nf6 14. g4 b5 15.
cxb5 a6 16. O-O Qa5 17. a4 Nxe4 18. Nxe4 Qxd2 19. Nxd2 Bxb2 20. Rab1 Bd4+ 21.
Kh1 e6 22. dxe6 Bb7+ 23. Bf3 Bxf3+ 24. Nxf3 Rxe6 25. Nxd4 cxd4 26. b6 a5 27. f5
Re4 28. Rfe1 gxf5 29. gxf5 d5 30. Bd2 Kf8 31. b7 Rb8 32. Bxa5 f6 33. Rxe4 dxe4
34. Bc7 Rxb7 35. Rxb7 e3 36. Bf4 e2 37. Bd2 1-0

[Event "Politiken Cup 2013"]
[Site "Helsingør "]
[Date "2013.07.28"]
[Round "3.135"]
[White "Rasmussen, Arne"]
[Black "Henningsen, Lasse"]
[Result "0-1"]
[WhiteElo "1503"]
[BlackElo "1779"]
[PlyCount "62"]
[EventDate "2013.07.27"]

1. d4 d5 2. Nf3 c5 3. c3 e6 4. e3 Nf6 5. Nbd2 Nc6 6. Be2 Bd6 7. O-O e5 8. dxe5
Nxe5 9. Nxe5 Bxe5 10. Nf3 Bc7 11. h3 O-O 12. b3 Ne4 13. Bb2 Qf6 14. Qc2 Qg6 15.
Bd3 Bxh3 16. g3 Bxf1 17. Rxf1 Rae8 18. c4 dxc4 19. Bxc4 Kh8 20. Nh4 Qg4 21. Be2
Qe6 22. Ng2 Rd8 23. Bd3 Ng5 24. Bf5 Nf3+ 25. Kh1 Qh6+ 26. Nh4 Nxh4 27. gxh4
Qxh4+ 28. Kg2 Rd5 29. e4 Rxf5 30. exf5 Qg4+ 31. Kh1 Qh3+ 0-1

[Event "Politiken Cup 2013"]
[Site "Helsingør "]
[Date "2013.07.28"]
[Round "3.136"]
[White "Kopperberg, Steen"]
[Black "Szucs, Michell Daniel"]
[Result "1-0"]
[WhiteElo "1777"]
[BlackElo "1504"]
[PlyCount "67"]
[EventDate "2013.07.27"]

1. d4 Nf6 2. Nf3 d5 3. c3 e6 4. Bg5 Be7 5. Nbd2 b6 6. Bxf6 Bxf6 7. e4 Bb7 8. e5
Be7 9. Bd3 a6 10. Qc2 g6 11. h4 Rg8 12. O-O-O h5 13. Rdg1 c5 14. g4 hxg4 15.
Rxg4 c4 16. Be2 Rh8 17. Nf1 Nc6 18. Ng3 Qd7 19. h5 gxh5 20. Rxh5 O-O-O 21. Rxh8
Rxh8 22. Qd2 Qe8 23. Qf4 Rg8 24. Nh5 Rxg4 25. Qxg4 Qf8 26. Ng5 Qh6 27. f4 Bxg5
28. fxg5 Qg6 29. Nf6 Kb8 30. Qf4 Nd8 31. Bh5 Qg7 32. Ne8 Qh7 33. Nf6 Ka7 34.
Nxh7 1-0

[Event "Politiken Cup 2013"]
[Site "Helsingør "]
[Date "2013.07.28"]
[Round "3.139"]
[White "Hein, Jacob"]
[Black "Collins, Alan"]
[Result "0-1"]
[WhiteElo "1491"]
[BlackElo "1740"]
[PlyCount "142"]
[EventDate "2013.07.27"]

1. c4 f5 2. d4 Nf6 3. Nc3 d6 4. g3 c6 5. Nf3 g6 6. Bg2 Bg7 7. Ng5 O-O 8. O-O h6
9. Nh3 Qe8 10. f4 Be6 11. d5 Bf7 12. e4 Nxe4 13. Nxe4 fxe4 14. Bxe4 c5 15. Be3
Nd7 16. Qd2 Nf6 17. Bc2 Ng4 18. Kh1 Nxe3 19. Qxe3 Bxb2 20. f5 Bxa1 21. Rxa1 Kh7
22. Nf4 Rg8 23. Ne6 Rc8 24. Re1 gxf5 25. Nf4 Bg6 26. Nxg6 Qxg6 27. Qf4 Rcf8 28.
Rxe7+ Rg7 29. Re6 Qg5 30. Rxd6 Qxf4 31. gxf4 Kh8 32. Rxh6+ Rh7 33. Re6 Rhf7 34.
Re5 Kg7 35. d6 Kh6 36. Rd5 b6 37. d7 Rd8 38. Ba4 Kh5 39. h3 Kh4 40. Kh2 Rg7 41.
Rd3 Re7 42. a3 Re4 43. Bc6 Rxf4 44. Re3 Rd4 45. Re8 R8xd7 46. Rh8+ Kg5 47. Bxd7
Rxd7 48. h4+ Kf6 49. Rg8 Rd4 50. Kh3 Rxc4 51. h5 Kf7 52. Rg3 Rg4 53. Rf3 Kf6
54. a4 Kg5 55. h6 Rh4+ 56. Kg2 Rxh6 57. Rg3+ Kf6 58. Re3 Rh4 59. Ra3 Ke5 60.
Kg3 Rd4 61. a5 Ke4 62. Kf2 b5 63. Re3+ Kd5 64. Re7 a6 65. Ra7 c4 66. Rxa6 c3
67. Ra8 c2 68. Rc8 Rc4 69. Rxc4 bxc4 70. a6 c1=Q 71. a7 Qa1 0-1

[Event "Politiken Cup 2013"]
[Site "Helsingør "]
[Date "2013.07.28"]
[Round "3.142"]
[White "Edwardsson, Hannu Kalervo"]
[Black "Wimo, Jorgen"]
[Result "1/2-1/2"]
[WhiteElo "1474"]
[BlackElo "1714"]
[PlyCount "111"]
[EventDate "2013.07.27"]

1. e4 c5 2. Nf3 Nc6 3. Be2 f6 4. O-O d6 5. c4 a6 6. Nc3 e6 7. d3 Nge7 8. Bd2
Bd7 9. a3 Ng6 10. Be3 Be7 11. d4 cxd4 12. Nxd4 O-O 13. Nxc6 Bxc6 14. f3 Qc7 15.
Kh1 Rad8 16. Qc2 Kh8 17. Bd3 Ne5 18. Rfd1 Nxd3 19. Rxd3 f5 20. exf5 Rxf5 21.
Qf2 Rdf8 22. Qd2 Rh5 23. h3 Bxf3 24. Rf1 Rxh3+ 25. Kg1 d5 26. Rxf3 Qh2+ 27. Kf1
Qh1+ 28. Bg1 Rhxf3+ 29. Rxf3 Rxf3+ 30. gxf3 Qxf3+ 31. Bf2 Bf6 32. Nd1 d4 33.
Qe2 Qh1+ 34. Bg1 e5 35. Qg2 Qxg2+ 36. Kxg2 Kg8 37. Kf3 Kf7 38. Ke4 Ke6 39. Bh2
b6 40. b3 h5 41. a4 g5 42. Nb2 h4 43. Nd3 g4 44. Bxe5 Bxe5 45. Nxe5 g3 46. Nf3
h3 47. Ng5+ Kd6 48. Nxh3 Kc5 49. Ng1 g2 50. Kd3 Kb4 51. Kxd4 Kxb3 52. c5 bxc5+
53. Kxc5 Kxa4 54. Kc4 a5 55. Ne2 Ka3 56. Kc3 1/2-1/2

[Event "Politiken Cup 2013"]
[Site "Helsingør "]
[Date "2013.07.28"]
[Round "3.143"]
[White "Larsen, Hans Haagen"]
[Black "Narheim, Mats"]
[Result "1-0"]
[WhiteElo "1712"]
[BlackElo "1315"]
[PlyCount "55"]
[EventDate "2013.07.27"]

1. d4 d5 2. Bf4 Nc6 3. Nf3 Bf5 4. e3 e6 5. Bd3 Bg4 6. Nbd2 Nf6 7. c4 Bb4 8. Qb3
Ne4 9. Bxe4 dxe4 10. Ne5 Bxd2+ 11. Kxd2 Nxe5 12. Bxe5 O-O 13. h4 c5 14. Qxb7
cxd4 15. Qxe4 Qa5+ 16. Kc1 dxe3 17. Bc3 Qh5 18. Qxe3 Rad8 19. f3 Bf5 20. g4 Rd3
21. Qxd3 Bxd3 22. gxh5 Rd8 23. Rg1 Rf8 24. Rxg7+ Kh8 25. Rxf7+ Kg8 26. Rg7+ Kh8
27. Rd7+ Kg8 28. Rxd3 1-0

[Event "Politiken Cup 2013"]
[Site "Helsingør "]
[Date "2013.07.28"]
[Round "3.145"]
[White "Thybo, Jan"]
[Black "Starup, Leo"]
[Result "1-0"]
[WhiteElo "1303"]
[BlackElo "1686"]
[PlyCount "91"]
[EventDate "2013.07.27"]

1. e4 c5 2. Nc3 d6 3. g3 Nf6 4. Bg2 e6 5. d3 Be7 6. Nge2 e5 7. O-O O-O 8. f4
Nc6 9. a3 a6 10. f5 b5 11. Nd5 h6 12. Nxe7+ Nxe7 13. Nc3 Rb8 14. g4 b4 15. g5
hxg5 16. Bxg5 Nh7 17. Bxe7 Qxe7 18. Nd5 Qd8 19. Rf3 Nf6 20. Rg3 Nxd5 21. exd5
Bxf5 22. Be4 Bxe4 23. dxe4 g6 24. Qh5 Qf6 25. Rf1 Qg7 26. Qg5 Rb7 27. Rf2 bxa3
28. Rxa3 f6 29. Qg4 Rb6 30. Rg3 g5 31. h4 Rb7 32. Qe6+ Qf7 33. Rxf6 Qxe6 34.
Rxg5+ Rg7 35. Rxe6 Rd8 36. Rxg7+ Kxg7 37. h5 Kh7 38. Kg2 a5 39. Kh3 a4 40. Kh4
Rg8 41. Rg6 Rxg6 42. hxg6+ Kxg6 43. c3 Kg7 44. Kg5 Kf8 45. Kf6 Kg8 46. Ke7 1-0